| Поле | Инд. | ПП | Название | Значение |
|---|---|---|---|---|
| Тип записи | a | |||
| Библиографический уровень | m | |||
| 001 | _ | Контрольный номер | BIBLIOCLUB\0000057409 | |
| 005 | _ | Дата корректировки | 20250915104227.5 | |
| 008 | Кодируемые данные | 210927j2007 RU y j||| 000 0 rus u | ||
| 020 | a | ISBN | 5-379-00375-3; 978-5-379-00375-3 | |
| 040 | a | Служба первич. каталог. | Директ-Медиа | |
| c | Служба, преобразующая запись | Директ-Медиа | ||
| 041 | a | Код языка текста | rus | |
| 044 | a | Код страны публикации | RU | |
| 080 | a | Индекс УДК | 575 | |
| 084 | 2 | Источник индекса | rubbk | |
| a | Индекс другой классификации/Индекс ББК | 28.04я73 | ||
| 100 | 1_ | a | Автор | Жимулев И. Ф. |
| 4 | Код отношения | 070 | ||
| 245 | a | Заглавие | Общая и молекулярная генетика | |
| b | Продолж. заглавия | учебное пособие | ||
| c | Ответственность | И. Ф. Жимулев; отв. ред. Е. С. Беляева; отв. ред. А. П. Акифьев | ||
| 250 | a | Основные сведения об издании | Изд. 4-е, стереотип. 3-му | |
| 260 | a | Место издания | Новосибирск | |
| b | Издательство | Сибирское университетское издательство | ||
| c | Дата издания | 2007 | ||
| 300 | a | Объем | 480 с. | |
| 520 | a | Аннотация | Эта книга - учебное пособие нового поколения, которое отражает современное состояние генетики и уровень ее преподавания. По широте охвата актуальных направлений общей и молекулярной генетики, насыщенности новейшим фактическим материалом оно выгодно отличается от предшествующих ему учебных изданий по генетике. В пособии подробно изложены современные сведения по биотехнологии, молекулярной генетике и генной инженерии, представлены новейшие данные, полученные с использованием методов генного клонирования, полимеразной цепной реакции, трансформации у эукариот. По-новому освещены вопросы генетики определения пола, генетики индивидуального развития, организации хромосом и внехромосомных ДНК. Рассмотрены современные методики молекулярной генетики. Для студентов, аспирантов и преподавателей университетов, медицинских, педагогических и сельскохозяйственных вузов. | |
| 538 | a | Прим. о системных особенностях | Режим доступа: электронная библиотечная система «Университетская библиотека ONLINE», требуется авторизация | |
| 653 | a | Ключевые слова | Учебник для высшей школы | |
| 856 | 4_ | u | URL | https://biblioclub.ru/index.php?page=book&id=57409 |
| a | Имя сервера/домена | Режим доступа: электронная библиотечная система «Университетская библиотека ONLINE», требуется авторизация | ||
| z | Примечание для пользователя | Участвует в КО |